[Event "Bogota AlphaZero op"]
[Site "Bogota"]
[Date "2018.08.18"]
[Round "2"]
[White "Pena, Luis Orlando"]
[Black "Garcia Sanchez, Jaime"]
[Result "0-1"]
[WhiteElo "1483"]
[BlackElo "1841"]
[PlyCount "60"]
[EventDate "2018.08.17"]
[EventType "swiss"]
[EventRounds "7"]
[EventCountry "COL"]
[SourceTitle "CBM 186 Extra"]
[Source "ChessBase"]
[SourceDate "2018.08.24"]
[SourceVersion "1"]
[SourceVersionDate "2018.08.24"]
[SourceQuality "1"]

1. e4 c5 2. Bc4 e6 3. c3 a6 4. a4 d5 5. exd5 exd5 6. Bb3 Nf6 7. Ne2 Bd6 8. d3 0-0 9. 0-0 Bxh2+ 10. Kxh2 Ng4+ 11. Kg3 h5 12. Rh1 h4+ 13. Rxh4 Nxf2 14. Rh8+ Kxh8 15. Kxf2 Qh4+ 16. Ng3 Bg4 17. Qh1 Qxh1 18. Nxh1 d4 19. Bd5 f5 20. Bg5 Nd7 21. Na3 f4 22. Bf3 Ne5 23. Be4 Rae8 24. Re1 Bf5 25. Kf1 Ng4 26. Kg1 Bxe4 27. dxe4 Ne3 28. g3 d3 29. Nf2 d2 30. Rxe3 fxe3 0-1

[Event "Tercer Piso op"]
[Site "Tercer Piso"]
[Date "2015.03.21"]
[Round "3"]
[White "Garcia Sanchez, Jaime"]
[Black "Pena Duarte, Fabian Dario"]
[Result "0-1"]
[WhiteElo "1871"]
[BlackElo "2185"]
[PlyCount "20"]
[EventDate "2015.03.21"]
[EventType "swiss"]
[EventRounds "7"]
[EventCountry "COL"]
[SourceTitle "CBM 165 Extra"]
[Source "ChessBase"]
[SourceDate "2015.04.21"]
[SourceVersion "1"]
[SourceVersionDate "2015.04.21"]
[SourceQuality "1"]

1. e4 e5 2. d3 Bc5 3. Nc3 Nf6 4. Bg5 h6 5. Bh4 c6 6. Nge2 d5 7. Na4 Bd6 8. exd5 cxd5 9. Nac3 Be6 10. f3 Nc6 0-1